| 000 | 00686nam a2200217 a 4500 | ||
|---|---|---|---|
| 005 | 20140310183407.0 | ||
| 008 | 121015s19uu xx 00 eng d | ||
| 020 | _a9780857028945 | ||
| 050 |
_aLC 4719.G7 _b.H36 2012 |
||
| 100 | _aHanbury, Martin | ||
| 245 |
_aEducating students on the autistic spectrum : _ba practical guide / _cMartin Hanbury. |
||
| 250 | _a2nd ed. | ||
| 260 |
_aLondon, UK : _bSAGE, _c2012. |
||
| 300 |
_a130 p. : _bill. ; _c31 cm. |
||
| 500 | _aIncludes bibliographical references and index | ||
| 520 | _aIncludes bibliographical references and index | ||
| 521 | _aEDU | ||
| 650 |
_aAutistic children _xEducation |
||
| 942 |
_cBK _2lcc _kFOR |
||
| 999 |
_c22420 _d22420 |
||